[Event "Soacha op-B"]
[Site "Soacha"]
[Date "2021.09.10"]
[Round "4"]
[White "Rubiano Espitia, Henry"]
[Black "Martinez Escobar, Miguel Angel"]
[Result "1-0"]
[WhiteElo "1793"]
[BlackElo "1464"]
[PlyCount "61"]
[EventDate "2021.09.08"]
[EventType "swiss"]
[EventRounds "9"]
[EventCountry "COL"]
[SourceTitle "CBM 204 Extra"]
[Source "ChessBase"]
[SourceDate "2021.11.30"]
[SourceVersion "1"]
[SourceVersionDate "2021.11.30"]
[SourceQuality "1"]

1. e4 c5 2. Nc3 Nc6 3. f4 d6 4. Nf3 a6 5. g3 g6 6. Bg2 Bg7 7. 0-0 Bg4 8. h3 Bxf3 9. Qxf3 Nd4 10. Qd1 e6 11. Ne2 Qc7 12. c3 Nxe2+ 13. Qxe2 Ne7 14. d3 0-0 15. Be3 Nc6 16. Rae1 Rfe8 17. Qf2 Rad8 18. Kh1 Rd7 19. g4 Kh8 20. h4 f5 21. g5 Rf7 22. Qg3 Qa5 23. Bf3 e5 24. exf5 Rxf5 25. Be4 Rff8 26. a3 exf4 27. Bxf4 Be5 28. Bxc6 bxc6 29. Bxe5+ dxe5 30. Rxf8+ Rxf8 31. Qxe5+ 1-0

[Event "Soacha op-B"]
[Site "Soacha"]
[Date "2021.09.09"]
[Round "2"]
[White "Rubiano Espitia, Henry"]
[Black "Ramos Ortiz, Carlos Alberto"]
[Result "1/2-1/2"]
[WhiteElo "1793"]
[BlackElo "1580"]
[PlyCount "43"]
[EventDate "2021.09.08"]
[EventType "swiss"]
[EventRounds "9"]
[EventCountry "COL"]
[SourceTitle "CBM 204 Extra"]
[Source "ChessBase"]
[SourceDate "2021.11.30"]
[SourceVersion "1"]
[SourceVersionDate "2021.11.30"]
[SourceQuality "1"]

1. e4 d6 2. d4 Nf6 3. Nc3 c6 4. Nge2 Nbd7 5. g3 e5 6. Bg2 Be7 7. 0-0 h5 8. h3 Nf8 9. dxe5 dxe5 10. Qxd8+ Bxd8 11. Be3 Bb6 12. Bxb6 axb6 13. Rad1 Be6 14. a3 h4 15. g4 Bc4 16. Rd2 Ne6 17. Rfd1 Bxe2 18. Nxe2 Ke7 19. f3 Rad8 20. Kf2 Rxd2 21. Rxd2 Rd8 22. Rxd8 1/2-1/2